000 01493nam a2200241Ia 4500
003 Ost
005 20260507075415.0
008 260507s9999||||xx |||||||||||||| ||und||
020 _a33497569959
040 _cfsecg
041 _aara
082 _a330
100 _aطالب، علاء فرحان
_eمؤلف
245 0 _aإستراتيجية محاربة الفساد الاداري والمالي :
_bمدخل تكاملي /
_c علاء فرحان طالب
260 _aعمان:
_bدار الايام,
_c2015
300 _a264 صفحة؛
_bإيضاحات ؛
_c25 سم
520 _aيضم مفهوم الفساد الإداري، العوامل المساعدة على الفساد الإداري، استراتيجية حسن اختيار القيادة الادارية ، مداخل ونظريات القيادة، استراتيجية بناء القيادة الاستراتيجية، استراتيجية اعتماد الشفافية والافصاح في العمل الادري، المصطلحات المرتبطة بالشفافية ، ستراتيجيات مكافحة الفساد الاداري الاخرى ، منظمات عالمية في مجال محاربة الفساد الاداري والمالي وتجارب عالمية.
653 _aالإدارة، الفساد
653 _aالإصلاح الإداري
653 _aالفساد الإداري
700 _aالعامري، علي حسين حميدي
_eمؤلف ثانوي
942 _cكتاب
999 _c44442
_d44442